Autobahn an Städten erkennen - Statistiken

Allgemein
  • Dieses Quiz wurde 90 mal gespielt
  • Das Durchschnittsergebnis liegt bei 17 aus 30
Antwortstatistiken
Städte Autobahn % Korrekt
Kaiserslautern, Ludwigshafen, Heilbronn 6
80%
Schleswig, Göttingen, Kempten 7
72%
Lübeck, Wuppertal, Leverkusen 1
70%
Potsdam, Bayreuth, Ingolstadt 9
70%
Aachen, Siegen, Chemnitz 4
69%
Lübeck, Wismar, Stralsund 20
67%
Wesel, Limburg, Regensburg 3
67%
Pirmasens, Pforzheim, Augsburg 8
67%
Herne, Bielefeld, Magdeburg 2
63%
Dortmund, Olpe, Gießen 45
63%
Bad Homburg, Darmstadt, Baden-Baden 5
63%
Mönchengladbach, Bad Kreuznach, Speyer 61
63%
Oranienburg, Schönefeld, Werder 10
58%
Schwerin, Halle, Leipzig 14
58%
Würzburg, Ludwigsburg, Rottweil 81
58%
Emden, Lingen, Oberhausen 31
56%
Münster, Recklinghausen, Bochum 43
56%
Wangen, Memmingen, München 96
56%
Suhl, Coburg, Fürth 73
54%
Cuxhaven, Bremen, Walsrode 27
53%
Neuss, Wuppertal, Hagen 46
51%
Wiesbaden, Maintal, Fulda 66
51%
Freising, Landshut, Deggendorf 92
51%
Heide, Pinneberg, Hamburg 23
47%
Schweinfurt, Bamberg, Kulmbach 70
47%
Lüneburg, Wolfsburg, Salzgitter 39
46%
Dinslaken, Düsseldorf, Bonn 59
46%
Ludwigshafen, Landau, Wörth (Rhein) 65
44%
Alzey, Kirchheimbolanden, Kaiserslautern 63
43%
Bitburg, Mainz, Rüsselsheim 60
41%
Keine übereinstimmenden Quizze gefunden
Verteilung der Resultate
Anzahl Personen mit jedem Resultat
Perzentil nach korrekt beantworteten Fragen
Ihre Resultats-Entwicklung
Sie haben dieses Quiz noch nicht gespielt